00484nam a2200145 a 450000100100000000500170001000800410002702000150006804000250008310000150010824000360012324501060015926000520026530000210031700004500620201002045811.0150128s1983 mx 000 0 spa d a9684092040 aDO-SdBNPbspacBNPHU1 aCase, John10aUnderstanding inflationlIngles10aComo entender la inflación. :bporque pagamos mas, obtenemos menos y ue podemos hacer /cJohn Case. aMexico, :bEditores asociados Mexicanos,c1983. a202 p. ;c20 cm.